[Event "Quebec-ch U14"]
[Site "Montreal"]
[Date "2009.11.27"]
[Round "1"]
[White "Cote Lalumiere, Tristan"]
[Black "Poterlot, Charles"]
[Result "1-0"]
[WhiteElo "1614"]
[BlackElo "1026"]
[PlyCount "99"]
[EventDate "2009.11.27"]
[EventType "swiss"]
[EventRounds "5"]
[EventCountry "CAN"]
[SourceTitle "EXT 2011"]
[Source "ChessBase"]
[SourceDate "2010.11.26"]
[SourceVersion "1"]
[SourceVersionDate "2010.11.26"]
[SourceQuality "1"]

1. e4 e5 2. f4 d6 3. Nf3 Nc6 4. Bc4 b5 5. Bxb5 Bd7 6. d3 Nd4 7. Bc4 Nxf3+ 8. Qxf3 Nf6 9. 0-0 Bg4 10. Qf2 c6 11. Nc3 Qb6 12. Qxb6 axb6 13. h3 b5 14. Bxf7+ Kxf7 15. hxg4 Nxg4 16. fxe5+ Ke7 17. Bg5+ Ke6 18. exd6 Bxd6 19. Bf4 Raf8 20. Bxd6 Rxf1+ 21. Rxf1 Kxd6 22. Rf3 Ke7 23. Ne2 Rf8 24. Nd4 Ne5 25. Rxf8 Kxf8 26. Kf2 Ng4+ 27. Kf3 Ne5+ 28. Kf4 Ng6+ 29. Kg5 Ne5 30. Kf5 Nf7 31. Nxc6 h5 32. Ne5 g6+ 33. Nxg6+ Kg7 34. Ne5 h4 35. Nxf7 Kxf7 36. d4 b4 37. d5 Ke7 38. e5 Kd7 39. Kf6 Kc7 40. Ke7 b3 41. d6+ Kc6 42. axb3 Kd5 43. d7 Kxe5 44. d8Q Kf4 45. Qd5 Kg4 46. Qf3+ Kg5 47. Ke6 Kg6 48. Qf5+ Kh6 49. Kf6 h3 50. Qg6# 1-0